000 00945nam2a22002891 4500
001 2560262
005 20251118181722.4
021 _aRU
_b76-78745
035 _a(NLR Aleph) 006445459
090 _a5684085
_c5684085
100 _a20110316d1976 u y0rusy50 ca
101 0 _arus
102 _aRU
105 _ay z |||||
200 0 _a1975 г.
_f[Сост. Р.Л. Штейнберг]
210 _d1976
215 _a13 с.
461 0 _10012560260
_12001#$aКрасногвардейский район$eУказ. лит.$fГл. упр. культуры Исполкома Моссовета, Центр. гор. публ. б-ка им. Н.А. Некрасова$v1975 г.
702 1 _aШтейнберг
_bР.Л.
_4220
801 0 _aRU
_bNLR
_gpsbo
801 1 _aRU
_bELAR
_2rusmarc
852 _aNLR
_jDesideratum
899 _aRuMoRGB
_jБ 75-39/1805
899 _aRuMoRGB
_jКБ
899 _aRuMoRGB
_jЦСБ
942 _cBOOK
980 _aNB